| 000 | 00789nam a2200229 a 4500 | ||
|---|---|---|---|
| 001 | BRCA_9056 | ||
| 005 | 20190320210517.0 | ||
| 008 | 010917s1773----sp-#######---#000-0#spa-# | ||
| 041 | _aspa | ||
| 044 | _asp | ||
| 084 |
_aLE25 _b.L33 1773 |
||
| 100 | 1 |
_aLabarre, Nicolas de _etr. _922422 |
|
| 245 | 1 | 0 |
_aSermones sobre varios asuntos _btomo II _cescritos en francés y traducidos al castellano por don Nicolas de Labarre. |
| 260 |
_aMadrid _bEn la Oficina de Joseph Doblado _c1773 |
||
| 300 |
_a342 p. (t.2) _c21 x 14.8 cm |
||
| 500 | _aCon las licencias necesarias | ||
| 500 | _aEstado fisicia: presenta encuadernación en pergamino con presencia del pez de plata | ||
| 505 | 0 | _aPte. 2, Moral | |
| 650 | 1 | 4 |
_aSermones _yObras anteriores a 1800 _921369 |
| 902 | _aCFM | ||
| 942 |
_2lcc _cB |
||
| 999 |
_c8706 _d8706 |
||